000 00600nam a2200181Ia 4500
003 GCL
008 140319s9999 xx 000 0 ara d
040 _aGCL /
_cGCL
082 0 4 _a415.1
_bم ا
100 1 _aمحمود سليمان ياقوت
245 1 0 _aالمبنى للمجهول فى الدرس النحوى والتطبيق فى القران الكريم /
_cمحمود سليمان ياقوت
260 _a[S.N] :
_bدار المعرفة الجامعية ،
_c1989
300 _a188 ص
490 _a
650 0 4 _aالنحو
650 0 4 _aاللغة العربية
942 _2ddc
_cBK
999 _c51804
_d51804